Central Library OPAC University of Rajshahi
Normal view MARC view

Entry Personal Name

Number of records used in: 2

001 - CONTROL NUMBER

  • control field: 9289

003 - CONTROL NUMBER IDENTIFIER

  • control field: BD-RjUL

005 - DATE AND TIME OF LATEST TRANSACTION

  • control field: 20231002115438.0

008 - FIXED-LENGTH DATA ELEMENTS

  • fixed length control field: 231002|| aca||aabn | a|a d

040 ## - CATALOGING SOURCE

  • Original cataloging agency: BD-RjUL
  • Transcribing agency: BD-RjUL

100 ## - HEADING--PERSONAL NAME

  • Personal name: Abbas
  • Titles and other words associated with a name: Shah of Iran,
  • Dates associated with a name: 1571-1629

670 ## - SOURCE DATA FOUND

  • Source citation: Work cat.: (BD-RjUL)82020: فلسفي، نصر الله 9288, زندگاني شاه عباس اول '' Zindigānī-i Shāh ʻAbbās avval /, [1955] م. ١٣٧٥ هج.